| 000 | 00795nam a2200193 i 4500 | ||
|---|---|---|---|
| 001 | 19614 | ||
| 003 | ES-MaACL | ||
| 005 | 20230906152131.0 | ||
| 007 | t| | ||
| 008 | 021004s1883 ja ||||1| spa d | ||
| 100 | 1 |
_aAbella y Casariego, Enrique, _d1847-1913 _9226444 |
|
| 245 | 1 | 0 |
_aMonografía geológica del volcán de Albay o El Mayón / _cescrita por Enrique Abella y Casariego. |
| 260 |
_aTokio : _bGovernment Printing Office, _c1883. |
||
| 300 |
_a19 p., 2 h. pleg. de mapas : _bil. ; _c20 cm. |
||
| 500 | _aPrecede al tit.: Fron the Transactions of the Seismological Society of Japan, Vol. V. Tokio, Government Printing Office, 1883. | ||
| 651 | 4 |
_aMayón (Filipinas, Volcán) _9150869 |
|
| 852 |
_aES-MaACL _jT-425-F-12 _z- Dedicatoria autógrafa del autor |
||
| 999 |
_c19614 _d19614 |
||